[Event "Pretoria Capablanca C"]
[Site "Pretoria"]
[Date "2018.04.30"]
[Round "7"]
[White "Cruywagen, Armand"]
[Black "Nyathi, Musa"]
[Result "1/2-1/2"]
[WhiteElo "1485"]
[BlackElo "1610"]
[PlyCount "111"]
[EventDate "2018.04.26"]
[EventType "tourn"]
[EventRounds "9"]
[EventCountry "RSA"]
[SourceTitle "CBM 184 Extra"]
[Source "ChessBase"]
[SourceDate "2018.06.28"]
[SourceVersion "1"]
[SourceVersionDate "2018.06.28"]
[SourceQuality "1"]

1. e4 c5 2. Nf3 g6 3. d3 Bg7 4. g3 Nc6 5. Bg2 d6 6. 0-0 Rb8 7. Re1 e6 8. c3 Nge7 9. Be3 0-0 10. d4 cxd4 11. Nxd4 a6 12. Nd2 e5 13. Nxc6 bxc6 14. Nb3 a5 15. Qc2 Be6 16. Red1 Qc7 17. Nc1 Rfd8 18. Ne2 d5 19. b3 f5 20. f3 fxe4 21. fxe4 Bg4 22. Bc5 Rb5 23. Be3 d4 24. cxd4 Bxe2 25. Qxe2 exd4 26. Qc4+ Kh8 27. Rxd4 Rb4 28. Rxd8+ Qxd8 29. Qc1 Bxa1 30. Qxa1+ Kg8 31. Qc1 Qd3 32. Bc5 Rb7 33. Qg5 Nc8 34. Qe5 Qd1+ 35. Bf1 Rf7 36. Qe8+ Kg7 37. Qe5+ Kg8 38. Qe8+ Kg7 39. Qe5+ Rf6 40. Qc7+ Kh6 41. Be3+ g5 42. Bxg5+ Kxg5 43. Qg7+ Rg6 44. Qe5+ Kh6 45. Qf4+ Kg7 46. Qc7+ Kf6 47. Qxc8 Qd4+ 48. Kg2 Qxe4+ 49. Kg1 Qe3+ 50. Kg2 Kg7 51. Qd7+ Kh6 52. Qh3+ Kg7 53. Qd7+ Kh8 54. Qd8+ Kg7 55. Qd7+ Kh6 56. Qh3+ 1/2-1/2

[Event "RSA-ch U14"]
[Site "Gauteng"]
[Date "2017.04.08"]
[Round "7"]
[White "Cruywagen, Armand"]
[Black "Schoeman, Ewald"]
[Result "1-0"]
[WhiteElo "1418"]
[BlackElo "1468"]
[PlyCount "61"]
[EventDate "2017.04.05"]
[EventType "swiss"]
[EventRounds "11"]
[EventCountry "RSA"]
[SourceTitle "CBM 177 Extra"]
[Source "ChessBase"]
[SourceDate "2017.04.27"]
[SourceVersion "1"]
[SourceVersionDate "2017.04.27"]
[SourceQuality "1"]

1. e4 c6 2. d4 d5 3. exd5 cxd5 4. Bd3 Nc6 5. c3 g6 6. Bf4 Bh6 7. Bxh6 Nxh6 8. Nf3 0-0 9. 0-0 f6 10. Re1 Nf7 11. c4 Bg4 12. cxd5 Nxd4 13. Be4 Nxf3+ 14. Bxf3 Bxf3 15. Qxf3 Ne5 16. Qb3 Qd6 17. h3 Rab8 18. Nc3 Rfd8 19. Rad1 Kg7 20. Ne4 Qc7 21. Rc1 Qa5 22. Nc5 Rd6 23. f4 Nf7 24. Nxb7 Qxd5 25. Qxd5 Rxd5 26. Rxe7 Rf8 27. Rcc7 f5 28. Nc5 Rd6 29. Ne6+ Rxe6 30. Rxe6 a5 31. Ra7 1-0

[Event "RSA-ch U14"]
[Site "Gauteng"]
[Date "2017.04.07"]
[Round "4"]
[White "Essa, Naseem Ahmed"]
[Black "Cruywagen, Armand"]
[Result "1-0"]
[WhiteElo "1855"]
[BlackElo "1418"]
[PlyCount "87"]
[EventDate "2017.04.05"]
[EventType "swiss"]
[EventRounds "11"]
[EventCountry "RSA"]
[SourceTitle "CBM 177 Extra"]
[Source "ChessBase"]
[SourceDate "2017.04.27"]
[SourceVersion "1"]
[SourceVersionDate "2017.04.27"]
[SourceQuality "1"]

1. d4 d5 2. Nf3 e6 3. g3 Nf6 4. Bg2 Be7 5. 0-0 b6 6. c4 Ba6 7. Ne5 0-0 8. Nc3 Bb7 9. Qa4 c5 10. Be3 h6 11. Rfd1 Na6 12. cxd5 Nxd5 13. Nxd5 exd5 14. dxc5 Bxc5 15. Bxc5 Nxc5 16. Qd4 Ne6 17. Qd2 Nc7 18. Rac1 Qe7 19. Nd3 Rfd8 20. Nb4 a5 21. Nc6 Bxc6 22. Rxc6 b5 23. Qc2 Rd7 24. Rc5 Rad8 25. Bh3 Ne6 26. Rxb5 Rc7 27. Qd2 Rc5 28. Rxa5 Ng5 29. Bg2 Rxa5 30. Qxa5 Rb8 31. Qd2 Qf6 32. b3 Re8 33. e3 Rd8 34. Qd4 Qa6 35. a4 Qe2 36. Qd3 Qg4 37. h4 Nh7 38. Bxd5 Kh8 39. Qd4 Qf5 40. e4 Qd7 41. Qd3 Nf6 42. Bc4 Qxd3 43. Rxd3 Rb8 44. f3 1-0

[Event "RSA-chT U14"]
[Site "Cape Town"]
[Date "2016.01.06"]
[Round "6.8"]
[White "Cruywagen, Armand"]
[Black "Dheda, Khelan"]
[Result "0-1"]
[WhiteElo "1240"]
[BlackElo "1214"]
[PlyCount "42"]
[EventDate "2016.01.04"]
[EventType "team-tourn"]
[EventRounds "7"]
[EventCountry "RSA"]
[SourceTitle "CBM 170 Extra"]
[Source "ChessBase"]
[SourceDate "2016.02.25"]
[SourceVersion "1"]
[SourceVersionDate "2016.02.25"]
[SourceQuality "1"]
[WhiteTeam "Tshwane"]
[BlackTeam "Western Province"]
[WhiteTeamCountry "RSA"]
[BlackTeamCountry "RSA"]

1. e4 e6 2. Nf3 d5 3. exd5 exd5 4. d4 Nf6 5. Bg5 Bd6 6. Bd3 0-0 7. 0-0 Bg4 8. h3 Bh5 9. c3 Re8 10. Re1 c6 11. Rxe8+ Qxe8 12. Qe1 Qd8 13. Nbd2 Nbd7 14. Kh1 h6 15. Bh4 Qb6 16. Qd1 Ne4 17. Qb3 g5 18. Qxb6 axb6 19. Bxe4 dxe4 20. Nxg5 hxg5 21. Bxg5 f5 0-1